| 000 | 00966nam a2200265 a 4500 | ||
|---|---|---|---|
| 001 | 000024702 | ||
| 005 | 20200930023323.0 | ||
| 008 | 110202s1968 sp r 000 0 spa d | ||
| 040 |
_aDO-SdBNP _bspa _cBNPHU |
||
| 041 | 1 | 7 |
_aspa _hfre _2Código de idiomas MARC |
| 082 |
_ann* _bnn* |
||
| 100 | 1 |
_aDelcroix, J. L. _950663 |
|
| 240 | 1 | 0 |
_aIntroduction a la théorie des gaz ionisés. _lEspañol |
| 245 | 1 | 0 |
_aIntroducción a la teoría de los gases ionizados / _cJ. L. Delcroix ; traducción de José Antonio Vallés Abarca. |
| 260 |
_aMadrid : _bAlhambra, _c1968. |
||
| 300 |
_a171 p. ; _c20 cm. |
||
| 490 | 1 |
_aExedra. Ciencia, Técnica, Ingeniería. _v23 |
|
| 490 | 1 |
_aFísica. _v2 |
|
| 534 |
_aEdición original : _tIntroduction a la théorie des gaz ionisés |
||
| 500 | _aIncluye índice de materias. | ||
| 504 | _aBibliografía : 167-168 p. | ||
| 830 | 0 |
_aExedra. _pCiencia, Técnica, Ingeniería _v23 _950664 |
|
| 830 | 0 |
_aFísica _v2 _94595 |
|
| 049 | _aBNGR | ||
| 999 |
_c24195 _d24195 |
||